MARC

LEADER 00000nam0a2200000 4500
001 102901
005 20240823161112.0
035 |a (RuTPU)RU\TPU\book\110946 
090 |a 102901 
100 |a 20061009d1961 m y0rusy50 da 
101 1 |a jap  |c rus 
102 |a JP 
105 |a a z 000ay 
181 0 |b  e  
182 0 |a n 
183 0 |a nc  |2 RDAcarrier 
200 1 |a Против ветра  |f А. П. Казанцев 
210 |a Япония  |d 1961 
215 |a 262 с.  |c ил.  |d 18,5 см. 
283 |a volume 
316 |5 63413507: М-83284  |a С автографом автора. На титульном листе надпись: "ТПИ - А. Казанцев" 
317 |5 63413507: М-83284  |a Поступил в НТБ в дар от А. П. Казанцева 
541 1 |a Против ветра  |z rus 
606 1 |a Русская литература современная  |2 stltpush  |3 (RuTPU)RU\TPU\subj\26373  |9 50316 
610 1 |a художественная литература 
610 1 |a приключения 
610 1 |a приключенческие романы 
610 1 |a полярные путешествия 
610 1 |a дары автора 
610 1 |a дарственные надписи 
610 1 |a выпускники ТПУ 
610 1 |a Коллекция А. П. Казанцева 
610 1 |a японский язык 
675 |a Р2  |v 3 
700 1 |a Казанцев  |b А. П.  |c русский советский писатель-фантаст  |c член Союза писателей СССР  |c выпускник механического факультета ТТИ 1930 г.  |f 1906-2002  |g Александр Петрович  |3 (RuTPU)RU\TPU\pers\15808 
801 1 |a RU  |b 63413507  |c 20061009  |g PSBO 
801 2 |a RU  |b 63413507  |c 20210805  |g PSBO 
942 |c BK